00356nam a2200109Ia 4500082001200000100001900012245006300031260007600094300000800170504002700178650004100205 aRK.0216 aKundu, Dibakar 0aRelevance of Shyamprashad's thoughts in the new millennium aWest BengalbIndian Council of Social Science Research, New Delhic2003 a106 aincludes bibliography aMookherjee, Shyamaprashadz1901-1953